Statistiques concernant Pokémon Platine - Les Incapturables

Cliquez ici pour prendre le quiz!

Statistiques générales

  • Ce quiz a été pris 54 fois
  • Le résultat moyen est 45 sur 56

Statistiques - réponses

Pokémon% Correct
001Bulbizarre
100%
008Carabaffe
95%
007Carapuce
95%
006Dracaufeu
95%
003Florizarre
95%
152Germignon
95%
002Herbizarre
95%
155Héricendre
95%
158Kaiminus
95%
151Mew
95%
150Mewtwo
95%
005Reptincel
95%
004Salamèche
95%
009Tortank
95%
157Typhlosion
95%
160Aligatueur
93%
156Feurisson
93%
153Macronium
93%
154Méganium
93%
252Arcko
91%
257Braségali
91%
254Jungko
91%
253Massko
91%
255Poussifeu
91%
251Celebi
88%
159Crocrodil
88%
244Entei
88%
256Galifeu
88%
258Gobou
88%
383Groudon
88%
382Kyogre
88%
249Lugia
88%
243Raïkou
88%
245Suicune
88%
259Flobio
86%
250Ho-Oh
86%
385Jirachi
86%
260Laggron
86%
386Deoxys
81%
384Rayquaza
79%
380Latias
74%
381Latios
74%
366Coquiperl
53%
368Rosabyss
53%
367Serpang
53%
432Chaffreux
51%
431Chaglam
51%
430Corboss
51%
198Cornèbre
51%
200Feuforêve
51%
435Moufflair
51%
434Moufouette
51%
328Kraknoix
49%
330Libegon
49%
429Magirêve
49%
329Vibraninf
49%

Distribution des résultats

Percentile par nombre de réponses

% des personnes avec chaque résultat

Votre développement - résultats

Vous n’avez pas pris ce quiz